000 00478nam a2200157 i 4500
001 74941
003 ES-MaACL
005 20230906172308.0
007 t|
008 040921s1960 ag ||||1| spa d
100 1 _aGonzález de Vega, Norberto.
_958576
245 1 0 _aMalformaciones congénitas del aparato respiratorio /
_cNorberto González de Vega.
260 _aMadrid :
_bPaz Montalvo,
_c1960.
300 _a187 p. :
_bil. ;
_c24 cm.
852 _aES-MaACL
_jC-16912
_bR.45499
999 _c74941
_d74941